000 00295nam a2200121Ia 4500
008 230724s1974 xx und d
041 _aeng
082 _a711.409
100 _aBACON E.N
245 _aDESIGN OF CITIES REVISED ED.
260 _bPENGUIN BOOKS LTD ENGLAND
_c1974
300 _a336
999 _c1174843
_d1174843